|
|
|
|
| LEADER |
00612nab a2200169 i 4500 |
| 001 |
acta6016 |
| 005 |
20200402100301.0 |
| 008 |
161015s1976 hu o 0|| hun d |
| 022 |
|
|
|a 0324-6523
|
| 040 |
|
|
|a SZTE Egyetemi Kiadványok Repozitórium
|b hun
|
| 041 |
|
|
|a hun
|
| 100 |
2 |
|
|a Újfalusi Németh Jenő
|
| 245 |
1 |
0 |
|a [Bevezető]
|h [elektronikus dokumentum] /
|c Újfalusi Németh Jenő
|
| 260 |
|
|
|c 1976
|
| 300 |
|
|
|a 5-6
|
| 490 |
0 |
|
|a Acta Universitatis de Attila József nominatae : acta iuvenum : sectio philologica
|v 8
|
| 856 |
4 |
0 |
|u http://acta.bibl.u-szeged.hu/6016/1/iuvenum_philologica_008_005-006.pdf
|z Dokumentum-elérés
|